[Event "4rd Memory of Nebesna Sotnya-2017 R"]
[Site "Lutsk"]
[Date "2017.02.18"]
[Round "4.2"]
[White "Bogdanovich, Stanislav"]
[Black "Kislinsky, Alexey"]
[Result "1/2-1/2"]
[WhiteElo "2689"]
[BlackElo "2407"]
[PlyCount "133"]
[EventDate "2017.02.18"]
[EventType "swiss (rapid)"]
[EventRounds "11"]
[EventCountry "UKR"]

1. d4 Nf6 2. c4 c5 3. d5 g6 4. Nc3 Bg7 5. e4 d6 6. Bd3 O-O 7. Nge2 e6 8. O-O
Ng4 9. a4 Ne5 10. f4 Nxd3 11. Qxd3 exd5 12. cxd5 f5 13. Ng3 Na6 14. exf5 Nb4
15. Qf3 Nc2 16. Rb1 Nd4 17. Qd3 Nxf5 18. Nge4 a6 19. b4 b6 20. bxc5 bxc5 21.
Bd2 Ra7 22. Ng5 Nd4 23. Rb8 Qc7 24. Rfb1 c4 25. Qe3 Nb3 26. Rxc8 Qxc8 27. Kh1
Nxd2 28. Qxd2 Qf5 29. Rc1 Qxf4 30. Qxf4 Rxf4 31. Ne6 Bxc3 32. Nxf4 Rb7 33. g3
Bd2 34. Rxc4 Bxf4 35. gxf4 Rb1+ 36. Kg2 Rd1 37. Rc6 Rxd5 38. Rxa6 Kg7 39. a5
Kf6 40. Ra8 Rd2+ 41. Kg3 Rd3+ 42. Kh4 Rd4 43. Kg4 Ra4 44. a6 Ra3 45. h3 h6 46.
Rf8+ Kg7 47. Ra8 Kf6 48. Kh4 Kg7 49. Kg4 Kf6 50. a7 Kg7 51. Kh4 Kh7 52. Kg4 Kg7
53. Kh4 Kh7 54. Kg4 Kg7 55. f5 Ra4+ 56. Kf3 gxf5 57. Ke3 f4+ 58. Kf3 h5 59. h4
d5 60. Rd8 Rxa7 61. Rxd5 Kh6 62. Rd6+ Kh7 63. Kxf4 Rg7 64. Kf5 Rg4 65. Rd7+ Kh6
66. Rd6+ Kh7 67. Rd7+ $11 1/2-1/2

[Event "4rd Memory of Nebesna Sotnya-2017 R"]
[Site "Lutsk"]
[Date "2017.02.18"]
[Round "4.3"]
[White "Khaetsky, Roman"]
[Black "Bernadskiy, Vitaliy"]
[Result "0-1"]
[WhiteElo "2369"]
[BlackElo "2634"]
[PlyCount "66"]
[EventDate "2017.02.18"]
[EventType "swiss (rapid)"]
[EventRounds "11"]
[EventCountry "UKR"]

1. e4 c6 2. d4 d5 3. exd5 cxd5 4. c4 Nf6 5. Nc3 g6 6. cxd5 Nxd5 7. h4 h6 8. h5
g5 9. Bc4 Nb6 10. Bb3 Bg7 11. Be3 Nc6 12. Nge2 O-O 13. Qd2 e5 14. d5 Na5 15.
Bc2 Nac4 16. Bxb6 Nxb6 17. Ng3 f5 18. Bb3 Kh8 19. O-O Bd7 20. Rfe1 g4 21. Rad1
Qh4 22. Qd3 Rae8 23. Nce4 fxe4 24. Rxe4 Bf5 25. Nxf5 Rxf5 26. f3 Rxh5 27. Rxg4
Qh2+ 28. Kf1 e4 29. Rxe4 Rxe4 30. Qxe4 Re5 31. Qg6 Nxd5 32. Kf2 Qh4+ 33. Kg1
Re1+ 0-1

[Event "4rd Memory of Nebesna Sotnya-2017 R"]
[Site "Lutsk"]
[Date "2017.02.18"]
[Round "4.4"]
[White "Bortnyk, Mykola"]
[Black "Klymchuk, Andriy"]
[Result "1-0"]
[WhiteElo "2558"]
[BlackElo "2385"]
[PlyCount "55"]
[EventDate "2017.02.18"]
[EventType "swiss (rapid)"]
[EventRounds "11"]
[EventCountry "UKR"]

1. e4 g6 2. d4 Bg7 3. Nc3 d6 4. h3 Nf6 5. g4 c5 6. Nge2 Qa5 7. Bg2 O-O 8. O-O
cxd4 9. Nxd4 Nc6 10. Be3 Nxd4 11. Bxd4 h5 12. f3 Be6 13. Qd2 hxg4 14. hxg4 Nd7
15. Rad1 Bxd4+ 16. Qxd4 g5 17. Kf2 Qc5 18. Qxc5 Nxc5 19. Ke3 Rac8 20. Rh1 f6
21. Nb5 Na4 22. Nd4 Bd7 23. Bf1 Kg7 24. Bb5 Bxb5 25. Nf5+ Kg8 26. Nxe7+ Kf7 27.
Rh7+ Ke6 28. Nf5 1-0

[Event "4rd Memory of Nebesna Sotnya-2017 R"]
[Site "Lutsk"]
[Date "2017.02.18"]
[Round "4.5"]
[White "Matviishen, Viktor"]
[Black "Zubarev, Alexander"]
[Result "0-1"]
[WhiteElo "2354"]
[BlackElo "2538"]
[PlyCount "68"]
[EventDate "2017.02.18"]
[EventType "swiss (rapid)"]
[EventRounds "11"]
[EventCountry "UKR"]

1. d4 g6 2. e4 Bg7 3. Nc3 d6 4. Be3 a6 5. Qd2 b5 6. a3 Nd7 7. h4 h6 8. Nge2 Bb7
9. f3 c5 10. dxc5 Nxc5 11. Bd4 Bxd4 12. Nxd4 Nf6 13. O-O-O Rc8 14. g4 e5 15.
Nde2 Ncxe4 16. fxe4 Nxe4 17. Nxe4 Bxe4 18. Rh3 Rxc2+ 19. Qxc2 Bxc2 20. Kxc2 d5
21. Re3 O-O 22. Kb1 Re8 23. h5 Qg5 24. Rg3 d4 25. Bg2 Rd8 26. Be4 a5 27. hxg6
fxg6 28. Bc2 Rc8 29. Rgg1 Qe3 30. Ng3 Rxc2 31. Kxc2 b4 32. axb4 axb4 33. Rde1
b3+ 34. Kb1 Qd3+ 0-1

[Event "4rd Memory of Nebesna Sotnya-2017 R"]
[Site "Lutsk"]
[Date "2017.02.18"]
[Round "4.6"]
[White "Sergeev, Vladimir"]
[Black "Grekh, Andrey"]
[Result "1/2-1/2"]
[WhiteElo "2518"]
[BlackElo "2353"]
[PlyCount "102"]
[EventDate "2017.02.18"]
[EventType "swiss (rapid)"]
[EventRounds "11"]
[EventCountry "UKR"]

1. Nf3 Nf6 2. g3 b6 3. Bg2 Bb7 4. O-O e6 5. d3 Be7 6. e4 d5 7. Nbd2 dxe4 8.
dxe4 O-O 9. e5 Nfd7 10. Re1 c5 11. Nc4 Qc7 12. Bf4 Rd8 13. Qc1 Bd5 14. Ne3 Bc6
15. Ng4 Qb7 16. Bg5 Bxf3 17. Bxf3 Qxf3 18. Bxe7 Qxg4 19. Bxd8 Nc6 20. Qg5 Ndxe5
21. Qxg4 Nxg4 22. Re4 f5 23. Rxe6 Nxd8 24. Re8+ Kf7 25. Rae1 Nf6 26. R1e7+ Kg6
27. Rf8 a6 28. a4 Rb8 29. Rc7 Ra8 30. Rb7 b5 31. axb5 axb5 32. Rxb5 Ra1+ 33.
Kg2 Ne6 34. Rc8 Rc1 35. c3 Rc2 36. Rc6 Ng5 37. Rcxc5 Nge4 38. Rxf5 Nd6 39. Rg5+
Kf7 40. Rbc5 Nfe4 41. Rc7+ Kf6 42. Rgxg7 Rxf2+ 43. Kh3 Ng5+ 44. Rxg5 Kxg5 45.
Rxh7 Rxb2 46. Rg7+ Kf6 47. Rc7 Ne4 48. c4 Kg5 49. Rg7+ Kf6 50. Rc7 Kg5 51. Rg7+
Kf6 1/2-1/2

[Event "4rd Memory of Nebesna Sotnya-2017 R"]
[Site "Lutsk"]
[Date "2017.02.18"]
[Round "4.7"]
[White "Bykovskiy, Oleg"]
[Black "Gritsak, Orest"]
[Result "1/2-1/2"]
[WhiteElo "2348"]
[BlackElo "2511"]
[PlyCount "132"]
[EventDate "2017.02.18"]
[EventType "swiss (rapid)"]
[EventRounds "11"]
[EventCountry "UKR"]

1. e4 c5 2. c3 d5 3. exd5 Qxd5 4. Nf3 Nf6 5. Na3 e6 6. Bc4 Qd8 7. O-O a6 8. d4
b5 9. Be2 Bb7 10. Bg5 Nbd7 11. Nc2 Be7 12. a4 c4 13. Na3 Bxa3 14. Rxa3 O-O 15.
Ne5 Qc7 16. Bf4 Nd5 17. Bg3 Nxe5 18. Bxe5 Qd7 19. Bf3 f6 20. Bg3 Nb6 21. Bxb7
Qxb7 22. a5 Nd5 23. Re1 Qd7 24. Qe2 Rfe8 25. b4 Qf7 26. Qc2 Qg6 27. Ra2 Qxc2
28. Rxc2 Kf7 29. f4 h5 30. h4 Rad8 31. Kf2 Ne7 32. Kf3 Nf5 33. Bf2 Rd5 34. Rce2
Nd6 35. g3 Rf5 36. Kg2 Re7 37. Bg1 Ne8 38. Be3 Nc7 39. Bd2 Nd5 40. Re4 Nc7 41.
R4e2 Ke8 42. Re4 Kd7 43. R4e2 Kd6 44. Re4 Nd5 45. R4e2 g6 46. Re4 Re8 47. R4e2
e5 48. dxe5+ fxe5 49. Rxe5 Rexe5 50. Rxe5 Rxe5 51. fxe5+ Kxe5 52. Kf3 Kf5 53.
Be1 Nf6 54. Bf2 Ne4 55. Bd4 g5 56. hxg5 Nxg5+ 57. Ke3 Ne4 58. Kf3 Ng5+ 59. Ke3
Ne6 60. Ba7 Kg4 61. Bb8 Ng7 62. Be5 Nf5+ 63. Kf2 Ne7 64. Ke3 Nf5+ 65. Kf2 Ne7
66. Ke3 Nf5+ 1/2-1/2

[Event "4rd Memory of Nebesna Sotnya-2017 R"]
[Site "Lutsk"]
[Date "2017.02.18"]
[Round "4.8"]
[White "Razin, Vadim"]
[Black "Alexikov, Alexander"]
[Result "1-0"]
[WhiteElo "2501"]
[BlackElo "2326"]
[PlyCount "95"]
[EventDate "2017.02.18"]
[EventType "swiss (rapid)"]
[EventRounds "11"]
[EventCountry "UKR"]

1. d4 Nf6 2. Nf3 g6 3. Bg5 Bg7 4. Nbd2 d5 5. e3 c6 6. Bd3 Bf5 7. Bxf5 gxf5 8.
O-O Nbd7 9. c3 O-O 10. Ne1 Kh8 11. Nd3 Rg8 12. Nf4 Qe8 13. f3 e6 14. Qe1 c5 15.
Qh4 Qf8 16. e4 cxd4 17. e5 Ne4 18. fxe4 dxc3 19. bxc3 dxe4 20. Nxe4 Bxe5 21.
Nf6 Nxf6 22. Bxf6+ Bxf6 23. Qxf6+ Qg7 24. Qxg7+ Kxg7 25. Rfd1 Rgd8 26. Kf2 Kf6
27. Ke3 Ke7 28. Rab1 b6 29. Rxd8 Rxd8 30. Nd3 Rc8 31. Rb3 f6 32. Ra3 Rc7 33.
Kd2 e5 34. g3 a5 35. Rb3 Rc6 36. Nb2 Kd6 37. Na4 Kc7 38. Rb1 h5 39. Rf1 h4 40.
Rxf5 hxg3 41. hxg3 Kd7 42. Kd3 b5 43. Nb2 Ke6 44. Rh5 b4 45. Na4 Rd6+ 46. Kc2
bxc3 47. Nxc3 Rd4 48. Rh4 1-0

[Event "4rd Memory of Nebesna Sotnya-2017 R"]
[Site "Lutsk"]
[Date "2017.02.18"]
[Round "5.1"]
[White "Onischuk, Vladimir"]
[Black "Zubarev, Alexander"]
[Result "1-0"]
[WhiteElo "2692"]
[BlackElo "2538"]
[PlyCount "125"]
[EventDate "2017.02.18"]
[EventType "swiss (rapid)"]
[EventRounds "11"]
[EventCountry "UKR"]

1. e4 c5 2. Nf3 Nc6 3. Bb5 Nf6 4. e5 Nd5 5. O-O Nc7 6. Bxc6 dxc6 7. h3 g6 8.
Re1 Bg7 9. d3 b6 10. a3 O-O 11. b4 Ne6 12. Be3 cxb4 13. axb4 Qc7 14. Nbd2 c5
15. bxc5 Nxc5 16. Ra3 Ne6 17. Qa1 a6 18. c4 Bb7 19. Rb1 b5 20. cxb5 axb5 21.
Rxb5 Rxa3 22. Qxa3 Ra8 23. Qb2 Bc6 24. Rb4 h6 25. d4 Bd5 26. Qb1 Bf8 27. Rb2
Ra3 28. Rc2 Qa5 29. Qb8 Kg7 30. Kh2 Qa8 31. Qxa8 Rxa8 32. g4 f6 33. Kg3 Ra3 34.
Rb2 Kf7 35. Rb5 Bc6 36. Rb3 Ra2 37. Nb1 Bxf3 38. Kxf3 fxe5 39. dxe5 Ra5 40. Ke4
Bg7 41. f4 g5 42. f5 Rxe5+ 43. Kf3 Nc5 44. Ra3 Ne4 45. Bd4 Rb5 46. Bxg7 Kxg7
47. Kxe4 Rxb1 48. Ra6 Rb3 49. Rg6+ Kh7 50. Re6 Rb7 51. Kd5 Ra7 52. Re3 Kg7 53.
Re6 Ra5+ 54. Kc6 Ra7 55. Rg6+ Kh7 56. Kd5 Ra3 57. Ke6 Rxh3 58. Kxe7 Rg3 59. Kf7
Rxg4 60. Rg7+ Kh8 61. f6 Rb4 62. Kg6 Rb8 63. Rh7+ 1-0

[Event "4rd Memory of Nebesna Sotnya-2017 R"]
[Site "Lutsk"]
[Date "2017.02.18"]
[Round "5.2"]
[White "Bernadskiy, Vitaliy"]
[Black "Razin, Vadim"]
[Result "1-0"]
[WhiteElo "2634"]
[BlackElo "2501"]
[PlyCount "74"]
[EventDate "2017.02.18"]
[EventType "swiss (rapid)"]
[EventRounds "11"]
[EventCountry "UKR"]

1. Nf3 d5 2. g3 Nf6 3. Bg2 Bf5 4. O-O e6 5. c4 c6 6. d3 dxc4 7. dxc4 Qxd1 8.
Rxd1 Bc2 9. Re1 Nbd7 10. Nc3 Bg6 11. Nd4 O-O-O 12. Rd1 Bb4 13. Na4 Nc5 14. Nxc5
Bxc5 15. Be3 Ng4 16. Bh3 Nxe3 17. fxe3 Kc7 18. Kf2 Be7 19. a3 Rd7 20. Rd2 Rhd8
21. Rad1 a5 22. Bg2 Bf6 23. b4 a4 24. c5 Be5 25. b5 Bxd4 26. b6+ Kc8 27. Rxd4
e5 28. Rxd7 Rxd7 29. Bh3 f5 30. Rxd7 Kxd7 31. e4 Ke6 32. Ke3 Kf6 33. Bxf5 Bxf5
34. exf5 Kxf5 35. Kd3 h5 36. h3 g6 37. Ke3 g5 {Time Black Zero} 1-0

[Event "4rd Memory of Nebesna Sotnya-2017 R"]
[Site "Lutsk"]
[Date "2017.02.18"]
[Round "5.3"]
[White "Solovchuk, Alexey"]
[Black "Bortnyk, Mykola"]
[Result "1-0"]
[WhiteElo "2455"]
[BlackElo "2558"]
[PlyCount "177"]
[EventDate "2017.02.18"]
[EventType "swiss (rapid)"]
[EventRounds "11"]
[EventCountry "UKR"]

1. c4 Nf6 2. Nf3 d6 3. Nc3 e5 4. g3 g6 5. Bg2 Bg7 6. O-O O-O 7. d4 Nbd7 8. d5
h6 9. Ne1 a6 10. a4 Nh7 11. e4 f5 12. exf5 gxf5 13. f4 Qf6 14. Be3 exf4 15.
Rxf4 Ne5 16. Qd2 Bd7 17. Nd3 Ng4 18. Bd4 Qg5 19. Bxg7 Kxg7 20. Nf2 Nxf2 21.
Qxf2 Rae8 22. Rf1 Nf6 23. Bh3 Re5 24. Qf3 Nh5 25. Rh4 Be8 26. Bg4 Re3 27. Qf2
Re5 28. Bxh5 Bxh5 29. Rf4 Bg6 30. Ne2 c5 31. dxc6 bxc6 32. Nd4 c5 33. Nf3 Qf6
34. Nxe5 dxe5 35. Rf3 Qd6 36. Rb3 f4 37. Rb7+ Kh8 38. a5 Bd3 39. Rb6 Qe7 40.
Re1 Qg7 41. Qxc5 fxg3 42. Qe3 gxh2+ 43. Kxh2 Bh7 44. Rxh6 e4 45. Qc3 Rf2+ 46.
Kh1 Rxb2 47. Qxg7+ Kxg7 48. Rxa6 Bf5 49. Rc6 Ra2 50. a6 Kh7 51. Re3 Bg4 52. Kg1
Bf3 53. c5 Rg2+ 54. Kf1 Rb2 55. Rb6 Ra2 56. c6 Ra1+ 57. Kf2 Ra2+ 58. Kg3 Rg2+
59. Kf4 Rg4+ 60. Ke5 Rg8 61. a7 Ra8 62. c7 Bg4 63. Rb8 Rxa7 64. c8=Q Bxc8 65.
Rxc8 Kg6 66. Kxe4 Ra4+ 67. Kf3 Kf5 68. Rc5+ Kf6 69. Rec3 Ra1 70. Rc6+ Ke5 71.
Re3+ Kd5 72. Rc8 Rf1+ 73. Ke2 Rh1 74. Rd8+ Kc4 75. Re7 Rh2+ 76. Kf3 Kc5 77.
Rc7+ Kb6 78. Rc1 Kb7 79. Rd4 Rb2 80. Ke3 Kb6 81. Kd3 Rb3+ 82. Rc3 Rb1 83. Kc2
Rh1 84. Rb4+ Ka5 85. Rb8 Rh2+ 86. Kb3 Rh1 87. Rc2 Rh3+ 88. Kc4 Rh4+ 89. Kd5 1-0

[Event "4rd Memory of Nebesna Sotnya-2017 R"]
[Site "Lutsk"]
[Date "2017.02.18"]
[Round "5.4"]
[White "Omelja, Artem"]
[Black "Bogdanovich, Stanislav"]
[Result "0-1"]
[WhiteElo "2429"]
[BlackElo "2689"]
[PlyCount "94"]
[EventDate "2017.02.18"]
[EventType "swiss (rapid)"]
[EventRounds "11"]
[EventCountry "UKR"]

1. d4 Nf6 2. c4 e6 3. Nc3 Bb4 4. e3 O-O 5. Nge2 d5 6. a3 Bd6 7. Ng3 c5 8. dxc5
Bxc5 9. b4 Bd6 10. Bb2 Be5 11. f4 Bd6 12. Be2 a5 13. c5 Be7 14. Na4 Nfd7 15. e4
dxe4 16. Nxe4 axb4 17. axb4 b6 18. O-O bxc5 19. Naxc5 Rxa1 20. Qxa1 Nxc5 21.
bxc5 f6 22. Ba3 Bb7 23. Nd6 Bd5 24. Bf3 Bxf3 25. Rxf3 Nc6 26. Qa2 Nd4 27. Rd3
Qa5 28. Kf2 Bxd6 29. cxd6 Qb6 30. Kg3 Rd8 31. Qc4 Nf5+ 32. Kh3 Kf7 33. Qc5 Qb7
34. Qc4 Rc8 35. Qb4 Qa6 36. Rf3 Rd8 37. g4 Nxd6 38. Rc3 Qf1+ 39. Kg3 Qg1+ 40.
Kh3 Qf1+ 41. Kg3 Qe1+ 42. Kh3 Rd7 43. Qc5 Qf1+ 44. Kh4 g5+ 45. fxg5 fxg5+ 46.
Kh5 Qf6 47. Qxg5 Qxg5+ 0-1

[Event "4rd Memory of Nebesna Sotnya-2017 R"]
[Site "Lutsk"]
[Date "2017.02.18"]
[Round "5.6"]
[White "Gritsak, Orest"]
[Black "Peng, Li Min"]
[Result "1-0"]
[WhiteElo "2511"]
[BlackElo "2330"]
[PlyCount "131"]
[EventDate "2017.02.18"]
[EventType "swiss (rapid)"]
[EventRounds "11"]
[EventCountry "UKR"]

1. Nf3 g6 2. e4 Bg7 3. d4 d6 4. c3 Nf6 5. Nbd2 O-O 6. Be2 Nc6 7. O-O e5 8. dxe5
Nxe5 9. Nxe5 dxe5 10. a4 a5 11. Qc2 Qe7 12. b3 Rd8 13. Nc4 b6 14. Bg5 Bb7 15.
f3 h6 16. Bh4 Rd7 17. Rfd1 Rad8 18. Rxd7 Rxd7 19. Rd1 Qe6 20. Ne3 Rxd1+ 21.
Qxd1 Qd7 22. Qxd7 Nxd7 23. Bd8 c6 24. Nc4 Bf8 25. Kf1 Bc5 26. Bc7 f6 27. Nd6
Ba8 28. Bc4+ Kf8 29. h4 Ke7 30. Nc8+ Ke8 31. g4 h5 32. gxh5 gxh5 33. Ke2 Bg1
34. Nd6+ Kf8 35. Nf5 Bc5 36. Be6 Ke8 37. Ng7+ Ke7 38. Bh3 Nf8 39. Bc8 Ng6 40.
Ne6 Bg1 41. Bd8+ Kf7 42. Nc7 b5 43. Nxa8 bxa4 44. bxa4 Nxh4 45. Bxa5 Bc5 46.
Bb6 Bd6 47. Bf2 Ng2 48. Nb6 Nf4+ 49. Kf1 Ke8 50. Nc4 Bc7 51. Be3 Nd3 52. Ke2
Nf4+ 53. Bxf4 exf4 54. a5 Kd8 55. Bb7 h4 56. Kf1 Kd7 57. Kg2 Ke6 58. a6 Bb8 59.
Kh3 Kd7 60. Kg4 Ba7 61. Kf5 Bb8 62. Kxf6 Ba7 63. e5 Be3 64. e6+ Ke8 65. e7 Bb6
66. Nd6+ 1-0

[Event "4rd Memory of Nebesna Sotnya-2017 R"]
[Site "Lutsk"]
[Date "2017.02.18"]
[Round "5.7"]
[White "Bunda, Viktor"]
[Black "Mirzoev, Emil"]
[Result "0-1"]
[WhiteElo "2259"]
[BlackElo "2457"]
[PlyCount "64"]
[EventDate "2017.02.18"]
[EventType "swiss (rapid)"]
[EventRounds "11"]
[EventCountry "UKR"]

1. d4 Nf6 2. c4 d6 3. Nf3 g6 4. Nc3 Bf5 5. g3 Bg7 6. Bg2 O-O 7. Nh4 Bc8 8. O-O
Nc6 9. e3 e5 10. d5 Ne7 11. e4 c5 12. f4 exf4 13. gxf4 Nd7 14. Nf3 a6 15. Re1
Nb6 16. Qd3 Bg4 17. h3 Bxf3 18. Bxf3 Nd7 19. Be3 Nc8 20. Rad1 Re8 21. Bf2 g5
22. f5 b5 23. cxb5 Ne5 24. Qe2 axb5 25. Nxb5 Rxa2 26. Bh5 Rxb2 27. Rd2 Rb4 28.
Nc3 Nb6 29. Bg3 Nbc4 30. Rc2 Na3 31. Rcc1 Rb3 32. Qd1 c4 0-1

[Event "4rd Memory of Nebesna Sotnya-2017 R"]
[Site "Lutsk"]
[Date "2017.02.18"]
[Round "5.8"]
[White "Kislinsky, Alexey"]
[Black "Bykovskiy, Oleg"]
[Result "1-0"]
[WhiteElo "2407"]
[BlackElo "2348"]
[PlyCount "57"]
[EventDate "2017.02.18"]
[EventType "swiss (rapid)"]
[EventRounds "11"]
[EventCountry "UKR"]

1. e4 e5 2. Nf3 Nf6 3. Nxe5 d6 4. Nf3 Nxe4 5. c4 Be7 6. d4 d5 7. Nc3 Nxc3 8.
bxc3 O-O 9. Bd3 dxc4 10. Bxc4 Bf6 11. O-O c5 12. Ba3 Nd7 13. dxc5 Be7 14. Re1
Bxc5 15. Bxf7+ Rxf7 16. Bxc5 Qf6 17. Qd5 h6 18. Bd4 Qf5 19. Re8+ Kh7 20. Qc4
Nb6 21. Bxb6 axb6 22. Rae1 b5 23. Qd4 Rf8 24. R1e7 Qf6 25. Qxf6 Rxf6 26. h4 Rc6
27. Ne5 Rxc3 28. Rf8 Ra4 29. Ree8 1-0

[Event "4rd Memory of Nebesna Sotnya-2017 R"]
[Site "Lutsk"]
[Date "2017.02.18"]
[Round "6.1"]
[White "Bernadskiy, Vitaliy"]
[Black "Onischuk, Vladimir"]
[Result "1/2-1/2"]
[WhiteElo "2634"]
[BlackElo "2692"]
[PlyCount "102"]
[EventDate "2017.02.18"]
[EventType "swiss (rapid)"]
[EventRounds "11"]
[EventCountry "UKR"]

1. e4 d6 2. d4 Nf6 3. Nc3 g6 4. Nf3 Bg7 5. h3 O-O 6. Be3 a6 7. a4 Nc6 8. Be2 e5
9. dxe5 dxe5 10. O-O h6 11. Bc4 Qe7 12. Nd5 Nxd5 13. Bxd5 Nb4 14. Bb3 a5 15. c3
Na6 16. Bc4 Nc5 17. Qc2 Ne6 18. Rad1 b6 19. Rd2 Bd7 20. Rfd1 Rad8 21. Bb5 Bc8
22. Rxd8 Rxd8 23. Rxd8+ Qxd8 24. Qd2 Qxd2 25. Nxd2 Bf8 26. Bc4 Kg7 27. Kf1 f5
28. exf5 gxf5 29. f3 Kf6 30. g4 Nc5 31. b3 Kg6 32. Bxc5 Bxc5 33. Bd3 Kg5 34.
gxf5 Bxf5 35. Bxf5 Kxf5 36. Ne4 Be7 37. Nf2 Kf4 38. Kg2 Ke3 39. Ng4+ Kd3 40. b4
axb4 41. cxb4 Bxb4 42. Nxe5+ Kc3 43. Nc6 Bd6 44. a5 bxa5 45. Nxa5 Kb4 46. Nc6+
Kb5 47. Nd4+ Kc4 48. Ne6 c5 49. f4 Kd5 50. Nxc5 Bxc5 51. f5 Ke5 $11 1/2-1/2

[Event "4rd Memory of Nebesna Sotnya-2017 R"]
[Site "Lutsk"]
[Date "2017.02.18"]
[Round "6.2"]
[White "Sergeev, Vladimir"]
[Black "Solovchuk, Alexey"]
[Result "0-1"]
[WhiteElo "2518"]
[BlackElo "2455"]
[PlyCount "130"]
[EventDate "2017.02.18"]
[EventType "swiss (rapid)"]
[EventRounds "11"]
[EventCountry "UKR"]

1. d4 Nf6 2. Nf3 e6 3. c3 b6 4. Bf4 Bb7 5. h3 g6 6. e3 Bg7 7. Nbd2 O-O 8. Bd3
d6 9. O-O Nbd7 10. Bh2 Qe7 11. Qc2 e5 12. dxe5 dxe5 13. Be2 e4 14. Nd4 Ne5 15.
Rfd1 c5 16. N4b3 Rad8 17. Bxe5 Qxe5 18. a4 a6 19. Nc4 Qc7 20. Rxd8 Rxd8 21. Rd1
Rxd1+ 22. Qxd1 Bf8 23. Nbd2 Be7 24. Qb3 Bd8 25. Nf1 h5 26. Qd1 Be7 27. Qb3 Nd7
28. Ncd2 Qd6 29. Qc2 f5 30. b4 Kg7 31. Nb3 Ne5 32. bxc5 bxc5 33. Na5 Bc8 34.
Nc4 Nxc4 35. Bxc4 Bf6 36. Qb3 Kh6 37. Bd5 Bd7 38. c4 Qc7 39. g4 h4 40. gxf5
gxf5 41. f3 a5 42. Qc2 exf3 43. Bxf3 Qe5 44. Qd1 Be8 45. Qd2 Bg5 46. Qxa5 Bxe3+
47. Nxe3 Qxe3+ 48. Kg2 Qg5+ 49. Kf1 Qc1+ 50. Kg2 Qc2+ 51. Kg1 Qxc4 52. Qb6+ Bg6
53. a5 Qd3 54. Kg2 Qd2+ 55. Kg1 c4 56. Qf6 Qe1+ 57. Kg2 Qg3+ 58. Kf1 Qxf3+ 59.
Ke1 Qxh3 60. Qh8+ Kg5 61. Qd8+ Kg4 62. Qd4+ f4 63. a6 Qe3+ 64. Qxe3 fxe3 65. a7
Be4 0-1

[Event "4rd Memory of Nebesna Sotnya-2017 R"]
[Site "Lutsk"]
[Date "2017.02.18"]
[Round "6.3"]
[White "Bogdanovich, Stanislav"]
[Black "Gritsak, Orest"]
[Result "1/2-1/2"]
[WhiteElo "2689"]
[BlackElo "2511"]
[PlyCount "173"]
[EventDate "2017.02.18"]
[EventType "swiss (rapid)"]
[EventRounds "11"]
[EventCountry "UKR"]

1. d4 Nf6 2. c4 e6 3. Nf3 d5 4. g3 Bb4+ 5. Bd2 Be7 6. Bg2 c6 7. Qc2 O-O 8. O-O
b6 9. Nc3 Bb7 10. Rfd1 Nbd7 11. cxd5 cxd5 12. Rac1 Rc8 13. Qb3 a6 14. Ne1 b5
15. Nd3 Qb6 16. e3 Rc4 17. Ne2 Rfc8 18. Bb4 Bxb4 19. Nxb4 a5 20. Nd3 b4 21. a3
Ba6 22. axb4 axb4 23. Ra1 R4c7 24. Bf1 Bc4 25. Qa4 Ne4 26. Nec1 b3 27. Qa5 Qxa5
28. Rxa5 g6 29. Ra3 Rb8 30. Bg2 Nd6 31. Ne1 Nb5 32. Ra1 Nd6 33. Bf3 Kg7 34.
Ncd3 Bxd3 35. Rxd3 Nc4 36. Rc3 Rbb7 37. Nd3 Nd2 38. Rxc7 Rxc7 39. Bd1 Nb6 40.
f3 Rb7 41. Kf2 Ndc4 42. Ke2 Nd7 43. Rc1 Kf6 44. Rc3 Na5 45. e4 dxe4 46. fxe4
Ke7 47. Nc5 Rb4 48. Nxd7 Kxd7 49. Kd3 f6 50. Rc5 Nc6 51. Rc4 Rb6 52. Kc3 e5 53.
dxe5 Nxe5 54. Rd4+ Ke7 55. Be2 Nc6 56. Rd5 Ne5 57. h4 h6 58. Bd1 g5 59. hxg5
hxg5 60. Bxb3 Rc6+ 61. Kd2 Rd6 62. Kc3 Rxd5 63. Bxd5 Kd6 64. b4 f5 65. Kd4 f4
66. gxf4 gxf4 67. b5 Nf3+ 68. Kc4 Ne5+ 69. Kd4 Nf3+ 70. Kc3 Kc5 71. Bc4 Ne5 72.
Bf1 Nf7 73. Kd2 Nd6 74. e5 Nxb5 75. Bxb5 Kxb5 76. Kd3 Kc6 77. Ke4 Kd7 78. Kxf4
Ke6 79. Ke4 Ke7 80. Kd5 Kd7 81. e6+ Ke7 82. Ke5 Ke8 83. Ke4 Ke7 84. Kf5 Ke8 85.
Kf6 Kf8 86. e7+ Ke8 87. Ke6 $11 1/2-1/2

[Event "4rd Memory of Nebesna Sotnya-2017 R"]
[Site "Lutsk"]
[Date "2017.02.18"]
[Round "6.4"]
[White "Mirzoev, Emil"]
[Black "Kislinsky, Alexey"]
[Result "1/2-1/2"]
[WhiteElo "2457"]
[BlackElo "2407"]
[PlyCount "53"]
[EventDate "2017.02.18"]
[EventType "swiss (rapid)"]
[EventRounds "11"]
[EventCountry "UKR"]

1. e4 c5 2. Nc3 Nc6 3. Bb5 Nd4 4. Bc4 g6 5. Nge2 Bg7 6. Nxd4 cxd4 7. Qf3 Nf6 8.
e5 dxc3 9. dxc3 d6 10. exf6 Bxf6 11. Bh6 Qa5 12. Bd5 Bg4 13. Bxf7+ Kxf7 14.
Qxg4 Qf5 15. Qxf5 gxf5 16. O-O-O Rhg8 17. g3 Rac8 18. Be3 a6 19. Bd4 e5 20. Be3
Ke6 21. Rd3 Rc6 22. Rhd1 b5 23. Rd5 Rg4 24. Bh6 Be7 25. R5d3 Rg6 26. Be3 h5 27.
Ba7 1/2-1/2

[Event "4rd Memory of Nebesna Sotnya-2017 R"]
[Site "Lutsk"]
[Date "2017.02.18"]
[Round "6.5"]
[White "Bortnyk, Mykola"]
[Black "Grekh, Andrey"]
[Result "1-0"]
[WhiteElo "2558"]
[BlackElo "2353"]
[PlyCount "49"]
[EventDate "2017.02.18"]
[EventType "swiss (rapid)"]
[EventRounds "11"]
[EventCountry "UKR"]

1. e4 c5 2. c3 d5 3. exd5 Qxd5 4. d4 Nf6 5. Be3 cxd4 6. cxd4 e6 7. Nc3 Qd6 8.
Nf3 Nc6 9. Bd3 Be7 10. a3 O-O 11. O-O b6 12. Qe2 Bb7 13. Rad1 Rac8 14. Rfe1
Rfd8 15. Bb1 Qb8 16. h3 g6 17. Ba2 Na5 18. Bg5 Qd6 19. Ne5 Bd5 20. Bxd5 Nxd5
21. Nb5 Bxg5 22. Nxd6 Rxd6 23. Qf3 Rc7 24. h4 Bf6 25. Rc1 1-0

[Event "4rd Memory of Nebesna Sotnya-2017 R"]
[Site "Lutsk"]
[Date "2017.02.18"]
[Round "6.6"]
[White "Zubarev, Alexander"]
[Black "Bordovsky, Vladimir"]
[Result "1/2-1/2"]
[WhiteElo "2538"]
[BlackElo "2342"]
[PlyCount "65"]
[EventDate "2017.02.18"]
[EventType "swiss (rapid)"]
[EventRounds "11"]
[EventCountry "UKR"]

1. e4 e5 2. Bc4 Nf6 3. d3 Bc5 4. Nc3 c6 5. Nf3 d6 6. a3 Bb6 7. Bg5 Nbd7 8. O-O
O-O 9. Ba2 Re8 10. Nh4 h6 11. Be3 Bc7 12. Nf5 Nf8 13. Qf3 d5 14. Ne2 Ng6 15. g4
Nf4 16. Nxf4 exf4 17. Bxf4 Bxf4 18. Qxf4 Bxf5 19. exf5 Re2 20. Bb3 Qe7 21. Rab1
Re8 22. c3 Qe5 23. Qxe5 R8xe5 24. h3 h5 25. d4 R5e4 26. Bd1 Rd2 27. f3 Re3 28.
Rf2 Re1+ 29. Rf1 Re3 30. Rf2 Re1+ 31. Rf1 Re3 32. Rf2 Re1+ 33. Rf1 1/2-1/2

[Event "4rd Memory of Nebesna Sotnya-2017 R"]
[Site "Lutsk"]
[Date "2017.02.18"]
[Round "6.7"]
[White "Nechaev, Andrei"]
[Black "Razin, Vadim"]
[Result "1/2-1/2"]
[WhiteElo "2312"]
[BlackElo "2501"]
[PlyCount "116"]
[EventDate "2017.02.18"]
[EventType "swiss (rapid)"]
[EventRounds "11"]
[EventCountry "UKR"]

1. Nf3 d5 2. e3 Nf6 3. b3 Bg4 4. Bb2 e6 5. Be2 Nbd7 6. c4 c6 7. O-O Bd6 8. h3
Bxf3 9. Bxf3 O-O 10. Nc3 Qe7 11. Qc2 Rac8 12. d4 e5 13. dxe5 Qxe5 14. g3 Qe6
15. cxd5 cxd5 16. Qe2 Be5 17. Nb5 a6 18. Nd4 Bxd4 19. Bxd4 Qxh3 20. Rfd1 Qf5
21. Rac1 h6 22. Bg2 Rfe8 23. Qd2 Ne4 24. Bxe4 Qxe4 25. Rxc8 Rxc8 26. Rc1 Re8
27. Rc7 Ne5 28. Bxe5 Rxe5 29. Qc2 Qxc2 30. Rxc2 Re7 31. Rc8+ Kh7 32. Rd8 Rc7
33. Rxd5 Rc2 34. Rd7 b5 35. a4 bxa4 36. bxa4 Rc4 37. Rxf7 Rxa4 38. Ra7 Ra2 39.
e4 Kg6 40. Kg2 Kf6 41. Kf3 g6 42. Ke3 Ra3+ 43. Kd4 h5 44. f4 Rxg3 45. Rxa6+ Kg7
46. f5 gxf5 47. exf5 h4 48. Ke5 h3 49. Ra4 Re3+ 50. Kf4 Rb3 51. Kg4 h2 52. Ra1
Rb2 53. Rh1 Kf6 54. Kg3 Kxf5 55. Rxh2 Rb3+ 56. Kf2 Kg4 57. Rg2+ Kf4 58. Rg8 Ke5
1/2-1/2